Statistiques concernant noms des habitants ville France

Cliquez ici pour prendre le quiz!

Statistiques générales

  • Ce quiz a été pris 172 fois
  • Le résultat moyen est 10 sur 22

Statistiques - réponses

VillesNoms des habitants% Correct
NiceNiçois
94%
RennesRennais
89%
Angers
Angevins
86%
LensLensois
85%
Saint EtienneStéphanois
77%
CaenCaennais
73%
AmiensAmiénois
69%
Clermont-FerrandClermontois
68%
QuimperQuimpérois
61%
Aix-en-ProvenceAixois
56%
MetzMessins
56%
PauPalois
52%
Le MansManceaux
34%
ChâteaurouxCastelroussins
33%
Saint BrieucBriochins
22%
LimogesLimougeauds
17%
BesançonBisontins
15%
AngoulêmeAngoumoisins
13%
EvreuxEbroïciens
10%
FontainebleauBellifontains
7%
VillejuifVillejuifois
6%
Issy-les-MoulineauxIsséens
5%

Distribution des résultats

Percentile par nombre de réponses

% des personnes avec chaque résultat

Votre développement - résultats

Vous n’avez pas pris ce quiz